[Event "DVM U12 2003"]
[Site "Verden/Aller GER"]
[Date "2003.12.29"]
[Round "5"]
[White "Mertens, Fridolin"]
[Black "Sergin, Mark"]
[Result "0-1"]
[Termination "normal"]
[Board "6.2"]
[WhiteElo "1192"]
[BlackElo "1485"]
[WhiteTeam "Naumburger SV"]
[BlackTeam "SK Baunatal"]
[PlyCount "94"]
[WhiteFideId "24671940"]
[BlackFideId "24615307"]
[EventCountry "GER"]
[EventRounds "7"]
[EventType "team-swiss"]
[EventDate "2003.12.26"]

1. e4 c5 2. Nf3 Nc6 3. d4 cxd4 4. Nxd4 e5 5. Nf3 Nf6 6. Nc3 Bb4 7. Bd3 O-O 8.
O-O h6 9. Bd2 d6 10. a3 Bc5 11. h3 Re8 12. Nd5 Be6 13. c4 Rc8 14. Qc2 Nd4 15.
Nxd4 Bxd4 16. Qb3 b6 17. Be3 Bc5 18. Rfe1 Nd7 19. Kh2 Qh4 20. Rg1 Kh8 21. Qd1
g5 22. Qf3 g4 23. Qg3 Qxg3+ 24. fxg3 Bxd5 25. Bxc5 Nxc5 26. cxd5 Nxd3 27. Rgf1
Kg8 28. Rf6 gxh3 29. gxh3 Rc2+ 30. Kg1 Rxb2 31. Rxd6 Kg7 32. Rf1 Re7 33. Rd8
Nc5 34. Rd1 Rb3 35. d6 Rd7 36. Rxd7 Nxd7 37. Kf2 Rxa3 38. Ke2 Rxg3 39. Rc1 Kf6
40. Rc7 Ke6 41. Rc6 Rxh3 42. Kd2 a5 43. Kc2 a4 44. Kb2 Re3 45. Kc2 Rxe4 46. Kd3
Rd4+ 47. Kc3 Rxd6 0-1

[Event "DVM U12 2003"]
[Site "Verden/Aller GER"]
[Date "2003.12.29"]
[Round "5"]
[White "Sharikow, Alexej"]
[Black "Pfefferkorn, Adrian"]
[Result "1/2-1/2"]
[Termination "normal"]
[Board "6.3"]
[WhiteElo "1247"]
[BlackElo "1330"]
[WhiteTeam "SK Baunatal"]
[BlackTeam "Naumburger SV"]
[PlyCount "50"]
[EventCountry "GER"]
[EventRounds "7"]
[EventType "team-swiss"]
[EventDate "2003.12.26"]

1. d4 d5 2. c4 e6 3. Nc3 Be7 4. Nf3 Nf6 5. Bg5 Nbd7 6. e3 O-O 7. Bd3 a6 8. O-O
dxc4 9. Bxc4 b5 10. Bb3 Bb7 11. Rc1 Rc8 12. a3 c5 13. dxc5 Nxc5 14. Bc2 Qxd1
15. Rfxd1 Bxf3 16. gxf3 Rfd8 17. Kg2 h6 18. Bh4 Rd7 19. Rxd7 Ncxd7 20. Ne2 g6
21. Bb3 Rxc1 22. Nxc1 a5 23. a4 b4 24. Bg3 Bd8 25. Kf1 Nc5 1/2-1/2

[Event "DVM U12 2003"]
[Site "Verden/Aller GER"]
[Date "2003.12.29"]
[Round "5"]
[White "Wendling, Florian"]
[Black "Stochai, Christian"]
[Result "0-1"]
[Termination "normal"]
[Board "6.4"]
[WhiteElo "1229"]
[BlackElo "1120"]
[WhiteTeam "Naumburger SV"]
[BlackTeam "SK Baunatal"]
[PlyCount "72"]
[WhiteFideId "24640212"]
[EventCountry "GER"]
[EventRounds "7"]
[EventType "team-swiss"]
[EventDate "2003.12.26"]

1. e4 e5 2. Nc3 Nc6 3. g3 Bc5 4. Bg2 Nf6 5. Nge2 O-O 6. O-O a6 7. h3 d6 8. Nd5
Nxd5 9. exd5 Nd4 10. c3 Nxe2+ 11. Qxe2 Re8 12. d3 Bf5 13. Re1 Qd7 14. Kh2 Bg6
15. Bd2 Qf5 16. d4 Bb6 17. Rac1 h6 18. f3 exd4 19. Qxe8+ Rxe8 20. Rxe8+ Kh7
21.
cxd4 Qxd5 22. Bc3 Qxa2 23. Rce1 Ba5 24. R1e7 Bxc3 25. bxc3 Qc4 26. Rd8 Bf5 27.
Rf8 Be6 28. Ree8 Qxc3 29. Rh8+ Kg6 30. Rb8 Bd5 31. Rhe8 Qxd4 32. Re2 a5 33.
Ra8
a4 34. Rc2 b5 35. Rb8 b4 36. Rxc7 b3 0-1

[Event "DVM U12 2003"]
[Site "Verden/Aller GER"]
[Date "2003.12.29"]
[Round "5"]
[White "Gölz, Daniel"]
[Black "Boos, Philipp"]
[Result "1-0"]
[Termination "normal"]
[Board "7.1"]
[WhiteElo "1643"]
[BlackElo "1245"]
[WhiteTeam "SK Feilbingert"]
[BlackTeam "USV TU Dresden"]
[PlyCount "97"]
[WhiteFideId "24626325"]
[EventCountry "GER"]
[EventRounds "7"]
[EventType "team-swiss"]
[EventDate "2003.12.26"]

1. e4 e5 2. Nf3 Nf6 3. Nxe5 d6 4. Nf3 Nxe4 5. d4 Bg4 6. Bd3 Nf6 7. O-O Be7 8.
c4 O-O 9. h3 Bxf3 10. Qxf3 Nc6 11. Be3 d5 12. c5 Nb8 13. b4 c6 14. a4 a5 15. b5
b6 16. Rc1 Qc7 17. Bf4 Qa7 18. cxb6 Qxb6 19. Qe3 Re8 20. Bxb8 Raxb8 21. Rxc6
Qb7 22. Qf4 Rbc8 23. Rxc8 Qxc8 24. Ra2 Qd8 25. Re2 Qd7 26. Qd2 Bb4 27. Rxe8+
Qxe8 28. Qe2 Qc8 29. Qc2 Qe8 30. Nd2 Qe1+ 31. Nf1 Qc3 32. Qxc3 Bxc3 33. b6 Bxd4
34. b7 Ba7 35. Ne3 Kf8 36. Nf5 Bb8 37. Nd4 h6 38. Nc6 Nd7 39. Bf5 Ke8 40. Bxd7+
Kxd7 41. Nxb8+ Kc7 42. Nc6 Kxb7 43. Nxa5+ Kb6 44. Nb3 Kc6 45. f3 Kd6 46. Kf2 f5
47. Ke3 g5 48. g4 f4+ 49. Kd4 1-0

[Event "DVM U12 2003"]
[Site "Verden/Aller GER"]
[Date "2003.12.29"]
[Round "5"]
[White "Lorenz, Nicole"]
[Black "Cornish, Alexander"]
[Result "1/2-1/2"]
[Termination "normal"]
[Board "7.2"]
[WhiteElo "1375"]
[BlackElo "1201"]
[WhiteTeam "USV TU Dresden"]
[BlackTeam "SK Feilbingert"]
[PlyCount "52"]
[WhiteFideId "24623709"]
[EventCountry "GER"]
[EventRounds "7"]
[EventType "team-swiss"]
[EventDate "2003.12.26"]

1. d4 d5 2. c4 e6 3. Nc3 Nf6 4. f3 Bb4 5. a3 Bxc3+ 6. bxc3 O-O 7. Bg5 h6 8. Bh4
Nbd7 9. e3 Qe7 10. Bd3 b6 11. Ne2 c5 12. O-O Bb7 13. Qc2 e5 14. cxd5 Bxd5 15.
e4 c4 16. exd5 cxd3 17. Qxd3 g5 18. Bg3 exd4 19. d6 Qe3+ 20. Qxe3 dxe3 21. Rad1
Rac8 22. Rd3 Rfe8 23. Rc1 Nh7 24. f4 Nc5 25. Rdd1 Rcd8 26. Rc2 Ne4 1/2-1/2

[Event "DVM U12 2003"]
[Site "Verden/Aller GER"]
[Date "2003.12.29"]
[Round "5"]
[White "Gertenbach, Robin"]
[Black "Osmanodja, Bilgin"]
[Result "0-1"]
[Termination "normal"]
[Board "7.3"]
[WhiteElo "1117"]
[BlackElo "1347"]
[WhiteTeam "SK Feilbingert"]
[BlackTeam "USV TU Dresden"]
[PlyCount "108"]
[EventCountry "GER"]
[EventRounds "7"]
[EventType "team-swiss"]
[EventDate "2003.12.26"]

1. d4 Nf6 2. Nf3 g6 3. Nc3 Bg7 4. e4 d6 5. e5 Nfd7 6. Bf4 Nc6 7. Bb5 Ndb8 8.
Bxc6+ Nxc6 9. O-O Bg4 10. Re1 O-O 11. a3 Bd7 12. d5 Na5 13. b3 b6 14. e6 fxe6
15. Nd4 Rxf4 16. Nde2 Rf6 17. Ne4 Rf5 18. N2c3 exd5 19. g4 dxe4 20. gxf5 Bxc3
21. Qd5+ Kg7 22. Qxe4 Bxe1 23. Rxe1 Bxf5 24. Qxe7+ Qxe7 25. Rxe7+ Kh6 26. Rxc7
a6 27. b4 Bxc2 28. bxa5 Be4 29. axb6 Rb8 30. Rc4 Bf3 31. Rb4 Kg5 32. h3 Kf5 33.
Kh2 Be2 34. Kg3 Bb5 35. h4 Rxb6 36. a4 Ke5 37. axb5 Rxb5 38. f4+ Kd5 39. Ra4 a5
40. Kg4 h6 41. h5 Ke6 42. hxg6 Kf6 43. Rd4 h5+ 44. Kh4 Kxg6 45. Rxd6+ Kf5 46.
Kxh5 Kxf4+ 47. Kg6 Rb4 48. Ra6 a4 49. Kf6 Ke4 50. Ke6 Kd4 51. Kd6 Kc4 52. Kc6
Kb3 53. Kc5 a3 54. Ra5 Rb8 0-1

[Event "DVM U12 2003"]
[Site "Verden/Aller GER"]
[Date "2003.12.29"]
[Round "5"]
[White "Osmanodja, Filiz"]
[Black "Jung, Philipp"]
[Result "1/2-1/2"]
[Termination "normal"]
[Board "7.4"]
[WhiteElo "1353"]
[BlackElo "1106"]
[WhiteTeam "USV TU Dresden"]
[BlackTeam "SK Feilbingert"]
[PlyCount "89"]
[WhiteFideId "24633569"]
[EventCountry "GER"]
[EventRounds "7"]
[EventType "team-swiss"]
[EventDate "2003.12.26"]

1. e4 c5 2. Nf3 d6 3. d4 cxd4 4. Nxd4 Nf6 5. Nc3 g6 6. Be3 Bg7 7. f3 O-O 8. Bc4
Bd7 9. Bb3 a6 10. O-O Nc6 11. Qd2 h5 12. Bh6 Nxd4 13. Bxg7 Nxf3+ 14. Rxf3 Kxg7
15. Raf1 Be6 16. h3 Qa5 17. Kh1 Qe5 18. Re1 Bxb3 19. axb3 Rh8 20. Qf4 Qxf4 21.
Rxf4 Rac8 22. e5 dxe5 23. Rxe5 e6 24. Re2 Rhf8 25. Kg1 Nd7 26. Rd4 Rc7 27. Red2
Ne5 28. Kf2 Nc6 29. Rc4 Re7 30. Ke3 b5 31. Rxc6 e5 32. Rxa6 f5 33. Nxb5 e4 34.
g3 h4 35. Ra1 hxg3 36. Rf1 g5 37. Rg2 f4+ 38. Kd2 e3+ 39. Ke1 Kh6 40. c4 Kh5
41. c5 Kh4 42. Nd4 Kxh3 43. Rfg1 Re4 44. Nf3 Kg4 45. Ke2 1/2-1/2

[Event "DVM U12 2003"]
[Site "Verden/Aller GER"]
[Date "2003.12.29"]
[Round "5"]
[White "Schätz, Christopher"]
[Black "Rubin, Christian"]
[Result "1-0"]
[Termination "normal"]
[Board "8.1"]
[WhiteElo "1438"]
[BlackElo "1377"]
[WhiteTeam "USG Chemnitz"]
[BlackTeam "SV Oberkochen"]
[PlyCount "91"]
[WhiteFideId "24623997"]
[EventCountry "GER"]
[EventRounds "7"]
[EventType "team-swiss"]
[EventDate "2003.12.26"]

1. c4 e5 2. Nc3 Nf6 3. d3 Nc6 4. Nf3 d6 5. g3 Bf5 6. Bg2 Be7 7. O-O O-O 8. a3
a6 9. b4 h6 10. Bd2 Qd7 11. Re1 Rab8 12. b5 axb5 13. cxb5 Na7 14. a4 e4 15. Nd4
exd3 16. Nxf5 Qxf5 17. exd3 Rfe8 18. Be3 b6 19. Qd2 Qd7 20. Reb1 d5 21. Bd4
Red8 22. a5 Nc8 23. a6 Na7 24. Ra2 Ra8 25. Bxf6 Bxf6 26. Nxd5 Be5 27. d4 Bd6
28. Qxh6 gxh6 29. Nf6+ Kg7 30. Nxd7 Rac8 31. Ne5 Bxe5 32. dxe5 Re8 33. f4 Kg6
34. Be4+ Kg7 35. Rd2 Rcd8 36. Rbd1 Rxd2 37. Rxd2 Nxb5 38. Bc6 Rb8 39. Bxb5 Ra8
40. Rd7 c6 41. Bd3 b5 42. a7 b4 43. e6 b3 44. e7 b2 45. Rd8 Rxa7 46. e8=Q 1-0

[Event "DVM U12 2003"]
[Site "Verden/Aller GER"]
[Date "2003.12.29"]
[Round "5"]
[White "Dinger, Solvejg"]
[Black "Leschner, Marius"]
[Result "1-0"]
[Termination "normal"]
[Board "8.2"]
[WhiteElo "1248"]
[BlackElo "1234"]
[WhiteTeam "SV Oberkochen"]
[BlackTeam "USG Chemnitz"]
[PlyCount "145"]
[BlackFideId "4613813"]
[EventCountry "GER"]
[EventRounds "7"]
[EventType "team-swiss"]
[EventDate "2003.12.26"]

1. e4 e6 2. Nf3 d5 3. exd5 exd5 4. d4 c6 5. Nc3 Nf6 6. Bd3 Bg4 7. h3 Bh5 8. Bf4
Bd6 9. Be5 O-O 10. Be2 Nbd7 11. Bxd6 Re8 12. O-O Nb6 13. Be5 Nfd7 14. Re1 Bxf3
15. Bxf3 Nc4 16. Bf4 Nxb2 17. Rxe8+ Qxe8 18. Qb1 Nc4 19. Qxb7 Qc8 20. Qxc8+
Rxc8 21. Bg4 Re8 22. Bc7 Rc8 23. Re1 Rxc7 24. Bxd7 g6 25. Bg4 h5 26. Be2 Nd6
27. Na4 Nb5 28. c4 Nxd4 29. cxd5 cxd5 30. Kf1 Kg7 31. Rd1 Nxe2 32. Kxe2 Rc2+
33. Rd2 Rxd2+ 34. Kxd2 Kf6 35. Kd3 Ke5 36. Nc3 h4 37. Nb5 a5 38. a4 f5 39. Ke3
g5 40. f3 f4+ 41. Kd3 g4 42. Nd4 gxh3 43. gxh3 Kd6 44. Nc2 Ke5 45. Kc3 Ke6 46.
Kd4 Kd6 47. Ne1 Kc6 48. Nd3 Kd6 49. Nxf4 Kc6 50. Nxd5 Kd6 51. f4 Ke6 52. Ke4
Kd6 53. f5 Kd7 54. Ke5 Ke8 55. Ke6 Kf8 56. Kf6 Ke8 57. Kg7 Kd7 58. f6 Kd6 59.
f7 Kxd5 60. f8=Q Kd4 61. Qf5 Kc4 62. Qxa5 Kd4 63. Kf6 Ke4 64. Kg5 Kd4 65. Kf4
Kc4 66. Qe5 Kb4 67. Qd5 Kxa4 68. Qb7 Ka5 69. Ke4 Ka4 70. Kd4 Ka3 71. Kc4 Ka2
72. Kc3 Ka1 73. Qb2# 1-0

[Event "DVM U12 2003"]
[Site "Verden/Aller GER"]
[Date "2003.12.29"]
[Round "5"]
[White "Oltmanns, Ingmar"]
[Black "Kurz, Kevin"]
[Result "1-0"]
[Termination "normal"]
[Board "8.3"]
[WhiteElo "1188"]
[BlackElo "1063"]
[WhiteTeam "USG Chemnitz"]
[BlackTeam "SV Oberkochen"]
[PlyCount "85"]
[WhiteFideId "4613910"]
[EventCountry "GER"]
[EventRounds "7"]
[EventType "team-swiss"]
[EventDate "2003.12.26"]

1. c4 e5 2. Nc3 Nf6 3. d3 Bb4 4. Nf3 Nc6 5. g3 d6 6. Bg2 Bg4 7. O-O Qd7 8. Bd2
Bxc3 9. bxc3 O-O 10. Qc2 Bh3 11. Rfd1 Bxg2 12. Kxg2 Rfe8 13. e4 h6 14. Be3 b6
15. h3 Rad8 16. Nd2 Ne7 17. d4 c6 18. d5 c5 19. Re1 Ng6 20. Rf1 Rb8 21. Rae1 b5
22. cxb5 Rxb5 23. c4 Rb4 24. f4 exf4 25. Bxf4 Nxf4+ 26. Rxf4 Reb8 27. Nb3 Qa4
28. Rc1 Qd7 29. Qc3 Ra4 30. Rc2 Qe7 31. Qd3 Rb6 32. Rd2 Qe5 33. Re2 Rba6 34.
Rff2 Rb4 35. Rf5 Qe8 36. e5 dxe5 37. Rfxe5 Qa4 38. Nxc5 Qa3 39. Qxa3 Rxa3 40.
Rc2 Ra5 41. d6 Nd7 42. Re8+ Nf8 43. d7 1-0

[Event "DVM U12 2003"]
[Site "Verden/Aller GER"]
[Date "2003.12.29"]
[Round "5"]
[White "Biller, Nikklas"]
[Black "Schmitt, Philipp"]
[Result "0-1"]
[Termination "normal"]
[Board "9.1"]
[WhiteElo "1248"]
[BlackElo "1446"]
[WhiteTeam "Wilhelmshavener SF"]
[BlackTeam "SF Bad Mergentheim"]
[PlyCount "96"]
[BlackFideId "24641766"]
[EventCountry "GER"]
[EventRounds "7"]
[EventType "team-swiss"]
[EventDate "2003.12.26"]

1. d4 d5 2. Nf3 Nf6 3. Bf4 e6 4. e3 Be7 5. c4 O-O 6. Nc3 a6 7. Qb3 b6 8. Bd3 h6
9. O-O Bb7 10. Rac1 dxc4 11. Bxc4 Bxf3 12. gxf3 Nh5 13. Bg3 Bh4 14. Ne2 Qf6 15.
f4 Rd8 16. Rfd1 Nd7 17. Rc2 Bxg3 18. Nxg3 Nxg3 19. fxg3 Nc5 20. Qb4 Qf5 21. Qd2
Ne4 22. Qe2 Rac8 23. Bd3 Qd5 24. Bxa6 Ra8 25. Bc4 Qd6 26. Rdc1 c5 27. dxc5 Nxc5
28. b3 Ra7 29. Rb1 Rda8 30. Rbb2 Rd8 31. Rd2 Qe7 32. Rxd8+ Qxd8 33. Rd2 Qf6 34.
Rd4 Ra8 35. b4 Nb7 36. Rd7 Nd8 37. Rc7 e5 38. Qd2 exf4 39. exf4 Qf5 40. Rd7 Qf6
41. g4 b5 42. Bb3 Qb6+ 43. Kf1 Ne6 44. Bd5 Re8 45. Bxe6 Qxe6 46. f5 Qe4 47. Rd4
Qf3+ 48. Kg1 Re2 0-1

[Event "DVM U12 2003"]
[Site "Verden/Aller GER"]
[Date "2003.12.29"]
[Round "5"]
[White "Pfleger, Jochen"]
[Black "Kallusky, Nicolas"]
[Result "1-0"]
[Termination "normal"]
[Board "9.2"]
[WhiteElo "1214"]
[BlackElo "837"]
[WhiteTeam "SF Bad Mergentheim"]
[BlackTeam "Wilhelmshavener SF"]
[PlyCount "99"]
[WhiteFideId "24641634"]
[EventCountry "GER"]
[EventRounds "7"]
[EventType "team-swiss"]
[EventDate "2003.12.26"]

1. c4 e5 2. Nc3 Nc6 3. Nf3 Nf6 4. d4 d6 5. dxe5 dxe5 6. Qxd8+ Nxd8 7. Nxe5 Bd6
8. Nf3 Ne6 9. g3 O-O 10. Bg2 Bd7 11. O-O Rfe8 12. Ng5 Bb4 13. Nxe6 Bxe6 14.
Bxb7 Rab8 15. Bf3 Bxc4 16. Bg5 Be7 17. b3 Ba6 18. Rfc1 Nd5 19. Bxe7 Nxc3 20.
Rxc3 Rxe7 21. e3 Bb7 22. Bxb7 Rxb7 23. Rac1 Rd7 24. R3c2 Kf8 25. f4 Ke7 26. Kf2
Kf6 27. g4 g5 28. Rc6+ Rd6 29. Rxd6+ cxd6 30. Rc6 Rd7 31. Kf3 gxf4 32. exf4 Kg7
33. Ke4 Kf6 34. Kd5 Ke7 35. g5 Rb7 36. Ra6 Rc7 37. Rxd6 Rc2 38. Ra6 Rd2+ 39.
Kc5 Rd7 40. f5 Rc7+ 41. Rc6 Rd7 42. f6+ Kd8 43. Rd6 Kc8 44. Rxd7 Kxd7 45. Kb5
Kc7 46. Ka6 Kb8 47. a4 Ka8 48. h4 Kb8 49. h5 Kc8 50. g6 1-0

[Event "DVM U12 2003"]
[Site "Verden/Aller GER"]
[Date "2003.12.29"]
[Round "5"]
[White "Thewes, Johannes"]
[Black "Borgmeyer, Max"]
[Result "1/2-1/2"]
[Termination "normal"]
[Board "10.1"]
[WhiteElo "943"]
[BlackElo "1678"]
[WhiteTeam "SC Reti Heusweiler"]
[BlackTeam "Königsspringer Hamburg"]
[PlyCount "66"]
[WhiteFideId "4624823"]
[BlackFideId "24615870"]
[EventCountry "GER"]
[EventRounds "7"]
[EventType "team-swiss"]
[EventDate "2003.12.26"]

1. e4 c5 2. g3 d6 3. d3 g6 4. Bg2 Bg7 5. Nd2 e6 6. Ngf3 Ne7 7. O-O O-O 8. Re1
Nbc6 9. Rb1 Rb8 10. Nf1 b5 11. Bf4 a6 12. Qe2 Bb7 13. e5 d5 14. Rbd1 Nf5 15.
Ne3 Nfd4 16. Nxd4 Nxd4 17. Qd2 Nc6 18. Ng4 h5 19. Bg5 Qc8 20. Nf6+ Bxf6 21.
exf6 Kh7 22. Bh6 Rg8 23. Bg7 Rxg7 24. fxg7 Kxg7 25. Qc3+ Nd4 26. b4 Kg8 27.
bxc5 Nf5 28. d4 Qd7 29. Qd2 Qe7 30. Qf4 Rc8 31. c3 Qd8 32. Qd2 Qf6 33. Qf4 g5
1/2-1/2

[Event "DVM U12 2003"]
[Site "Verden/Aller GER"]
[Date "2003.12.29"]
[Round "5"]
[White "Streich, Justus"]
[Black "Zimmer, Dominic"]
[Result "1-0"]
[Termination "normal"]
[Board "10.2"]
[WhiteElo "1322"]
[BlackElo "759"]
[WhiteTeam "Königsspringer Hamburg"]
[BlackTeam "SC Reti Heusweiler"]
[PlyCount "55"]
[WhiteFideId "24697168"]
[EventCountry "GER"]
[EventRounds "7"]
[EventType "team-swiss"]
[EventDate "2003.12.26"]

1. e4 d5 2. exd5 Qxd5 3. Nc3 Qa5 4. Nf3 Bf5 5. Bb5+ c6 6. Bc4 Nd7 7. d4 O-O-O
8. O-O e6 9. Bf4 Ngf6 10. a3 Re8 11. Re1 Bg6 12. b4 Bxb4 13. axb4 Qxb4 14. Rxa7
Kd8 15. Qd2 Qxc4 16. Bd6 Nf8 17. Ra8+ Kd7 18. Ne5+ Kxd6 19. Nxc4+ Kd7 20. Ne5+
Kd6 21. Rxe8 Nxe8 22. Nxg6 fxg6 23. Ne4+ Kd5 24. c4+ Kxc4 25. Qc3+ Kb5 26. Qc5+
Ka4 27. Ra1+ Kb3 28. Qc3# 1-0

[Event "DVM U12 2003"]
[Site "Verden/Aller GER"]
[Date "2003.12.29"]
[Round "5"]
[White "Sonnhalter, Stella"]
[Black "Langmann, Markus"]
[Result "0-1"]
[Termination "normal"]
[Board "10.3"]
[WhiteElo "288"]
[BlackElo "1270"]
[WhiteTeam "SC Reti Heusweiler"]
[BlackTeam "Königsspringer Hamburg"]
[PlyCount "82"]
[WhiteFideId "4624815"]
[BlackFideId "24651281"]
[EventCountry "GER"]
[EventRounds "7"]
[EventType "team-swiss"]
[EventDate "2003.12.26"]

1. e4 e5 2. Nf3 Nc6 3. Bc4 Be7 4. c3 Nf6 5. d4 exd4 6. cxd4 d5 7. exd5 Nxd5 8.
h3 O-O 9. O-O Be6 10. Qe2 Bf6 11. Be3 Re8 12. Bxd5 Bxd5 13. Nc3 Nxd4 14. Nxd4
Bxd4 15. Qd3 Bxc3 16. Qxc3 Qd6 17. Rad1 c6 18. Bd2 Qg6 19. Qg3 Qxg3 20. fxg3
Re2 21. Rf2 Rxf2 22. Kxf2 Bxa2 23. Bc3 Re8 24. Rd7 b5 25. Rxa7 Bd5 26. g4 Kf8
27. g5 c5 28. b4 c4 29. Ra5 Bc6 30. g3 Ra8 31. Ke3 Rxa5 32. bxa5 g6 33. Kd4 Ke7
34. Kc5 Kd7 35. Kb6 Kd6 36. Be5+ Kxe5 37. Kxc6 c3 38. a6 c2 39. a7 c1=Q+ 40.
Kb7 Qh1+ 41. Kb8 b4 0-1

[Event "DVM U12 2003"]
[Site "Verden/Aller GER"]
[Date "2003.12.29"]
[Round "6"]
[White "Hobusch, Alexander"]
[Black "Seyb, Alexander"]
[Result "1/2-1/2"]
[Termination "normal"]
[Board "1.1"]
[WhiteElo "1771"]
[BlackElo "1841"]
[WhiteTeam "SG Bochum 1931"]
[BlackTeam "FSV Großenseebach"]
[PlyCount "42"]
[WhiteFideId "24611387"]
[BlackFideId "4699033"]
[EventCountry "GER"]
[EventRounds "7"]
[EventType "team-swiss"]
[EventDate "2003.12.26"]

1. d4 g6 2. Nf3 Bg7 3. c4 d6 4. Nc3 e5 5. dxe5 dxe5 6. Qxd8+ Kxd8 7. e4 c6 8.
Be3 Nd7 9. O-O-O Ke7 10. Be2 Bh6 11. Bxh6 Nxh6 12. Nd2 Nc5 13. Nb3 Ne6 14. g3
f6 15. Rd2 Nf7 16. Rhd1 h5 17. h4 Rd8 18. Rxd8 Nexd8 19. Nc5 Be6 20. b3 Nd6 21.
f3 Bg8 1/2-1/2

[Event "DVM U12 2003"]
[Site "Verden/Aller GER"]
[Date "2003.12.29"]
[Round "6"]
[White "Friedrich, Wiede"]
[Black "Zeldin, Leonid"]
[Result "0-1"]
[Termination "normal"]
[Board "2.2"]
[WhiteElo "1462"]
[BlackElo "1584"]
[WhiteTeam "USV Potsdam"]
[BlackTeam "SF Brackel 30"]
[PlyCount "84"]
[WhiteFideId "24629537"]
[BlackFideId "24636088"]
[EventCountry "GER"]
[EventRounds "7"]
[EventType "team-swiss"]
[EventDate "2003.12.26"]

1. e4 e5 2. Nc3 Nf6 3. Bc4 Bc5 4. d3 Nc6 5. Nf3 d6 6. O-O Bg4 7. Be3 Nd4 8.
Bxd4 Bxd4 9. Nd5 c6 10. Ne3 Bxe3 11. fxe3 O-O 12. Qd2 a5 13. Bb3 a4 14. h3 Bxf3
15. Rxf3 axb3 16. cxb3 d5 17. exd5 Qxd5 18. Raf1 Rxa2 19. Rg3 Ne4 20. Qe1 Nxg3
21. Qxg3 Rxb2 22. Rf5 Qxd3 23. Qxe5 Rb1+ 24. Kh2 Rxb3 25. Rf3 Qd5 26. Qg3 Re8
27. e4 Rxf3 28. Qxf3 Qxe4 29. Qg3 Qe5 30. Qxe5 Rxe5 31. Kg3 c5 32. Kf4 Re8 33.
g4 c4 34. h4 c3 35. Kg5 c2 36. h5 c1=Q+ 37. Kh4 Re4 38. h6 gxh6 39. Kg3 Qe1+
40. Kf3 Qe2+ 41. Kg3 Rxg4+ 42. Kh3 Qg2# 0-1

[Event "DVM U12 2003"]
[Site "Verden/Aller GER"]
[Date "2003.12.29"]
[Round "6"]
[White "Heistermann, Till"]
[Black "Rafiee, Makan"]
[Result "1/2-1/2"]
[Termination "normal"]
[Board "3.1"]
[WhiteElo "1573"]
[BlackElo "1647"]
[WhiteTeam "SC Leipzig-Gohlis"]
[BlackTeam "SK Baunatal"]
[PlyCount "102"]
[BlackFideId "24609340"]
[EventCountry "GER"]
[EventRounds "7"]
[EventType "team-swiss"]
[EventDate "2003.12.26"]

1. e4 c5 2. Nf3 d6 3. d4 cxd4 4. Nxd4 Nf6 5. Nc3 a6 6. Be2 e5 7. Nb3 Be6 8. Bg5
Nbd7 9. O-O Be7 10. Qd2 O-O 11. Rad1 b5 12. a3 Rc8 13. f3 h6 14. Be3 Nb6 15.
Qe1 Nc4 16. Bxc4 Bxc4 17. Rf2 Nh5 18. Rfd2 f5 19. exf5 Rxf5 20. Qf2 Nf4 21.
Bxf4 Rxf4 22. Nd5 Bxd5 23. Rxd5 Qc7 24. c3 Rcf8 25. Qe2 Qb6+ 26. Kh1 e4 27. Nd2
exf3 28. Nxf3 Qb7 29. R1d3 Kh8 30. R5d4 R4f7 31. Qe4 Qxe4 32. Rxe4 Rd8 33. Red4
g5 34. h3 Kg7 35. Rd5 Bf8 36. Re3 Re7 37. Rxe7+ Bxe7 38. Nd4 Kf6 39. g4 Rh8 40.
Nf5 Ke6 41. Rd3 Rh7 42. Kg2 Bf8 43. Re3+ Kd7 44. b3 h5 45. Re4 hxg4 46. hxg4
Kc6 47. Re8 Rf7 48. Re6 Kd7 49. Rg6 Be7 50. Kf3 Bf6 51. Ke4 Kc6 1/2-1/2

[Event "DVM U12 2003"]
[Site "Verden/Aller GER"]
[Date "2003.12.29"]
[Round "6"]
[White "Sergin, Mark"]
[Black "Doberitz, Paul"]
[Result "0-1"]
[Termination "normal"]
[Board "3.2"]
[WhiteElo "1485"]
[BlackElo "1560"]
[WhiteTeam "SK Baunatal"]
[BlackTeam "SC Leipzig-Gohlis"]
[PlyCount "86"]
[WhiteFideId "24615307"]
[BlackFideId "24646130"]
[EventCountry "GER"]
[EventRounds "7"]
[EventType "team-swiss"]
[EventDate "2003.12.26"]

1. e4 c5 2. Nc3 Nc6 3. g3 g6 4. Bg2 Bg7 5. f4 e6 6. Nf3 Nge7 7. O-O O-O 8. d3
d6 9. Be3 Nd4 10. Ne2 Nec6 11. c3 Nxe2+ 12. Qxe2 Qb6 13. Rad1 f5 14. Bf2 Bd7
15. Kh1 Rfe8 16. Qc2 Rad8 17. Rfe1 Bc8 18. d4 cxd4 19. cxd4 d5 20. e5 Bd7 21.
Re3 Rc8 22. Qe2 Na5 23. b3 Rc7 24. Be1 Rec8 25. Qd2 Nc6 26. Rc3 Bf8 27. Rc2 Nb4
28. Rxc7 Rxc7 29. a3 Rc2 30. Qe3 Nc6 31. b4 a5 32. Rb1 axb4 33. axb4 Rc4 34.
Bf1 Rc2 35. Qb3 Rc4 36. Bxc4 dxc4 37. Qxc4 Ne7 38. Qc5 Qa6 39. Qd6 Qf1+ 40. Ng1
Bc6+ 41. Qxc6 Nxc6 42. Rc1 Nxd4 43. Bd2 Qd3 0-1

[Event "DVM U12 2003"]
[Site "Verden/Aller GER"]
[Date "2003.12.29"]
[Round "6"]
[White "Wang, Zhangxian"]
[Black "Sharikow, Alexej"]
[Result "1-0"]
[Termination "normal"]
[Board "3.3"]
[WhiteElo "1390"]
[BlackElo "1247"]
[WhiteTeam "SC Leipzig-Gohlis"]
[BlackTeam "SK Baunatal"]
[PlyCount "135"]
[EventCountry "GER"]
[EventRounds "7"]
[EventType "team-swiss"]
[EventDate "2003.12.26"]

1. e4 e5 2. Nf3 Nf6 3. Nxe5 Qe7 4. Nf3 Nxe4 5. Qe2 Nc6 6. d3 Nf6 7. Bg5 Qxe2+
8. Bxe2 Be7 9. O-O O-O 10. Nc3 h6 11. Bh4 d6 12. h3 Nh7 13. Nd5 g5 14. Nxc7
gxh4 15. Nxa8 Bd8 16. c3 b5 17. d4 a6 18. Rfe1 Bb7 19. Nb6 Bxb6 20. Nxh4 Ne7
21. Bf3 Bxf3 22. Nxf3 Ng6 23. a4 bxa4 24. Rxa4 a5 25. Ra3 Ng5 26. Nd2 Ne6 27.
Nc4 Bc7 28. Nxa5 d5 29. Nb3 Ngf4 30. Re3 Rb8 31. h4 Bd6 32. Ra6 Rxb3 33. Rxd6
Rxb2 34. Rf3 Rc2 35. g3 Ne2+ 36. Kg2 Rxc3 37. Rxd5 Rxf3 38. Kxf3 N2xd4+ 39. Ke4
Nc6 40. Rd6 Ncd8 41. f4 Nb7 42. Rc6 Kg7 43. Ke5 Ned8 44. Rc7 Na5 45. g4 Nac6+
46. Kd6 Kg6 47. h5+ Kf6 48. Rxc6 Nxc6 49. Kxc6 Ke6 50. g5 hxg5 51. fxg5 Kf5 52.
h6 Kg6 53. Kd6 f6 54. h7 Kxh7 55. gxf6 Kg8 56. Ke7 Kh7 57. f7 Kg6 58. f8=Q Kg5
59. Qf7 Kg4 60. Qf6 Kg3 61. Qf5 Kg2 62. Qf4 Kh1 63. Qd2 Kg1 64. Kf6 Kf1 65. Kf5
Kg1 66. Kg4 Kf1 67. Kg3 Kg1 68. Qe1# 1-0

[Event "DVM U12 2003"]
[Site "Verden/Aller GER"]
[Date "2003.12.29"]
[Round "6"]
[White "Stochai, Christian"]
[Black "Hasenclever, Leonard"]
[Result "1-0"]
[Termination "normal"]
[Board "3.4"]
[WhiteElo "1120"]
[BlackElo "1222"]
[WhiteTeam "SK Baunatal"]
[BlackTeam "SC Leipzig-Gohlis"]
[PlyCount "51"]
[EventCountry "GER"]
[EventRounds "7"]
[EventType "team-swiss"]
[EventDate "2003.12.26"]

1. e4 c5 2. Nf3 d6 3. d4 cxd4 4. Qxd4 Nc6 5. Bb5 Bd7 6. Bxc6 Bxc6 7. c4 Nf6 8.
Nc3 g6 9. O-O Bg7 10. Qd3 O-O 11. h3 Qc7 12. Be3 a6 13. Rac1 Rfb8 14. b3 Qa5
15. Bd2 Qd8 16. Rfe1 Nd7 17. Nd5 Bxd5 18. exd5 b5 19. cxb5 Rxb5 20. Bc3 Nf6
21.
Bxf6 Bxf6 22. Red1 Rc8 23. Qe4 Qa5 24. Rxc8+ Kg7 25. Qa4 Qb6 26. Rc6 1-0